[Event "Open"]
[Site "Louviers"]
[Date "2008.05.11"]
[Round "7"]
[White "Tridant, Thierry"]
[Black "Guillaumat, Jean-Pierre"]
[Result "1/2-1/2"]
[WhiteElo "2030"]
[BlackElo "1962"]
[PlyCount "57"]
[EventDate "2008.05.25"]
[SourceDate "2008.05.28"]

1. d4 d5 2. Nf3 Nf6 3. e3 e6 4. Bd3 c5 5. b3 cxd4 6. exd4 Nc6 7. O-O Be7 8.
Nbd2 O-O 9. a3 a6 10. Bb2 b5 11. Qe2 Bb7 12. Rfe1 Re8 13. Ne5 Nxe5 14. dxe5 Nd7
15. Qh5 g6 16. Qh3 Nc5 17. Bf1 Rc8 18. Nf3 Ne4 19. Nd4 Qc7 20. Rad1 Bf8 21. f3
Nc5 22. Qg3 Bg7 23. Kh1 Nd7 24. f4 Nc5 25. Qf2 Ne4 26. Qe3 f5 27. Bd3 Bf8 28.
Rg1 Bc5 29. Rgf1 1/2-1/2

[Event "Open"]
[Site "Louviers"]
[Date "2008.05.11"]
[Round "7"]
[White "Lierville, Patrick"]
[Black "Delengaigne, Gregory"]
[Result "1-0"]
[WhiteElo "1660"]
[BlackElo "1490"]
[PlyCount "59"]
[EventDate "2008.05.25"]
[SourceDate "2008.05.28"]

1. d4 Nf6 2. c4 e5 3. dxe5 Ng4 4. Nf3 Bc5 5. e3 Nc6 6. a3 a5 7. Be2 O-O 8. O-O
d6 9. h3 Ngxe5 10. Nxe5 dxe5 11. Nc3 Be6 12. b3 f5 13. Nd5 f4 14. exf4 exf4 15.
Bf3 Nd4 16. Bb2 Nxf3+ 17. Qxf3 Qh4 18. Nxc7 Rac8 19. Nxe6 Rf6 20. Bxf6 gxf6 21.
Nxc5 Rxc5 22. Qg4+ Qxg4 23. hxg4 Rc7 24. Rad1 Kg7 25. Rfe1 Kh6 26. Re4 Kg5 27.
f3 f5 28. Re5 Rf7 29. Rdd5 b6 30. Rxf5+ 1-0

[Event "Open"]
[Site "Louviers"]
[Date "2008.05.11"]
[Round "7"]
[White "Varigault, Nicole"]
[Black "Pantic, David"]
[Result "0-1"]
[WhiteElo "1200"]
[BlackElo "1963"]
[PlyCount "80"]
[EventDate "2008.05.25"]
[SourceDate "2008.05.28"]

1. e4 d6 2. d3 e5 3. Nf3 Nc6 4. Be2 Nf6 5. Nc3 g6 6. O-O Bg7 7. Bg5 Be6 8. a3
h6 9. Bxf6 Bxf6 10. b4 O-O 11. h3 Bg7 12. Qd2 Nd4 13. Rab1 Nxe2+ 14. Qxe2 c6
15. Qd2 f5 16. a4 fxe4 17. Nxe4 d5 18. Nc5 Bc8 19. c4 b6 20. Nb3 Bxh3 21. Qe3
d4 22. Qe4 Bf5 23. Qxc6 Bxd3 24. Qd5+ Qxd5 25. cxd5 Rad8 26. Rfe1 Bxb1 27. Rxb1
Rxd5 28. Rc1 e4 29. Nh4 Kh7 30. Nd2 g5 31. Nxe4 gxh4 32. Rc7 d3 33. Nd2 a5 34.
b5 Kg8 35. Rc6 Bd4 36. Ne4 d2 37. Nxd2 Bxf2+ 38. Kh2 Rxd2 39. Rg6+ Kh7 40. Rxb6
Bxb6 0-1

[Event "Open"]
[Site "Louviers"]
[Date "2008.05.11"]
[Round "7"]
[White "Deheij, Gerrit"]
[Black "Jolly, Hugo"]
[Result "1-0"]
[WhiteElo "1480"]
[BlackElo "1099"]
[PlyCount "53"]
[EventDate "2008.05.25"]
[SourceDate "2008.05.28"]

1. e4 e5 2. Nf3 Nc6 3. Bc4 Bc5 4. b4 Bxb4 5. c3 Bc5 6. d4 d5 7. Bxd5 Nf6 8.
dxc5 Nxe4 9. Bxe4 Qxd1+ 10. Kxd1 f5 11. Bxc6+ bxc6 12. Nxe5 O-O 13. Nxc6 f4 14.
Ne7+ Kh8 15. Nxc8 Raxc8 16. Re1 Rcd8+ 17. Nd2 Rd5 18. f3 Rxc5 19. Ba3 Rxc3 20.
Bxf8 c5 21. Re8 h5 22. Bxc5+ Kh7 23. Rc1 Rd3 24. Bxa7 Ra3 25. Bb8 Rxa2 26. Bxf4
Kg6 27. Rc7 1-0

[Event "Open"]
[Site "Louviers"]
[Date "2008.05.12"]
[Round "8"]
[White "Levesque, Thomas"]
[Black "Arinal, Serge"]
[Result "0-1"]
[WhiteElo "2042"]
[BlackElo "1680"]
[PlyCount "132"]
[EventDate "2008.05.28"]
[SourceDate "2008.05.28"]

1. d4 Nf6 2. c4 e6 3. a3 d5 4. Nc3 c5 5. Nf3 cxd4 6. Nxd4 a6 7. cxd5 Nxd5 8.
Nc2 Nxc3 9. Qxd8+ Kxd8 10. bxc3 Be7 11. Be3 Nc6 12. g3 Bd7 13. Rb1 b5 14. Bg2
Rc8 15. Nb4 Nxb4 16. cxb4 Bc6 17. Bb6+ Kd7 18. Rd1+ Ke8 19. Rc1 Kd7 20. e4 Bb7
21. Rd1+ Ke8 22. O-O f6 23. Rfe1 Bc6 24. e5 Kf7 25. Bh3 f5 26. f4 Bd8 27. Bc5
a5 28. g4 g6 29. Rd3 axb4 30. axb4 Bh4 31. Rc1 Rhd8 32. Bd6 Bd5 33. Bc5 Bc4 34.
Ra3 Ra8 35. Ra5 Rdc8 36. Rca1 Rxa5 37. Rxa5 Bd8 38. Ra6 Bh4 39. Ra7+ Kg8 40. g5
Be1 41. Rd7 Bd5 42. Bg2 Bxb4 43. Bxb4 Rc1+ 44. Kf2 Rc2+ 45. Ke3 Rxg2 46. Rd8+
Kg7 47. Kd4 Ra2 48. Rd7+ Kg8 49. Kc5 Rc2+ 50. Kd6 Rc8 51. Ba5 Bc6 52. Ra7 Ra8
53. Rxa8+ Bxa8 54. Kxe6 Bc6 55. Ke7 h6 56. gxh6 Kh7 57. Kf7 Kxh6 58. Bd2 Kh7
59. e6 Kh6 60. e7 Kh5 61. h3 b4 62. Kf6 b3 63. Bc1 Be8 64. Bb2 Kh4 65. Kg7 Kxh3
66. Kf8 Ba4 {Suite non lisible} 0-1

[Event "Open"]
[Site "Louviers"]
[Date "2008.05.12"]
[Round "8"]
[White "Pantic, David"]
[Black "Delengaigne, Gregory"]
[Result "1-0"]
[WhiteElo "1963"]
[BlackElo "1490"]
[PlyCount "105"]
[EventDate "2008.05.28"]
[SourceDate "2008.05.28"]

1. e4 e5 2. Nf3 Nc6 3. Bb5 a6 4. Ba4 b5 5. Bb3 Nf6 6. O-O Bc5 7. Nxe5 Nd4 8.
Bxf7+ Kf8 9. c3 Nc6 10. Nxc6 dxc6 11. Bb3 Qe7 12. d4 Bb6 13. e5 Nd5 14. Qf3+
Qf7 15. Bxd5 cxd5 16. Qxf7+ Kxf7 17. Be3 Rf8 18. a4 Bd7 19. a5 Ba7 20. b4 Kg8
21. Nd2 Bf5 22. Nb3 Bd3 23. Rfe1 Rf7 24. h4 Raf8 25. g3 Rf3 26. Nd2 R3f7 27.
Kg2 c6 28. f3 Bb8 29. Bg1 Bc7 30. Re3 Bg6 31. Nb3 Bd8 32. Nc5 Re8 33. Nxa6 Re6
34. Nc5 Re8 35. Nb3 Ref8 36. Bh2 h5 37. Nc5 Bh7 38. Ne6 Re8 39. Nxd8 Rxd8 40.
Rg1 Bf5 41. Kf2 Be4 42. Rxe4 dxe4 43. f4 c5 44. bxc5 b4 45. Ke3 bxc3 46. Rc1
Ra8 47. Rxc3 Rxa5 48. Kxe4 Ra2 49. Bg1 Rfa7 50. c6 R7a3 51. Rxa3 Rxa3 52. d5
Kf8 53. Bc5+ 1-0

[Event "Open"]
[Site "Louviers"]
[Date "2008.05.12"]
[Round "8"]
[White "Aknouche, Abdesslem"]
[Black "Lecoeur, Boris"]
[Result "0-1"]
[WhiteElo "1670"]
[BlackElo "1745"]
[PlyCount "66"]
[EventDate "2008.05.28"]
[SourceDate "2008.05.28"]

1. d4 Nf6 2. c4 g6 3. Nc3 Bg7 4. Nf3 O-O 5. e3 d5 6. cxd5 Nxd5 7. e4 Nxc3 8.
bxc3 c5 9. Be3 Nc6 10. e5 Qa5 11. Nd2 Rd8 12. Nb3 Qc7 13. f4 cxd4 14. cxd4 Be6
15. Rc1 Qb6 16. Kf2 Bxb3 17. axb3 Rxd4 18. Bxd4 Nxd4 19. Kg3 Nf5+ 20. Kh3 Qe3+
21. g3 Bxe5 22. fxe5 Qh6+ 23. Kg2 Ne3+ 24. Kf2 Nxd1+ 25. Rxd1 Rc8 26. Bc4 e6
27. Rd7 Qf8 28. Rd6 Qe7 29. Rhd1 Kg7 30. Bxe6 Rc2+ 31. Kg1 Qg5 32. Re1 Qh5 33.
h4 Qf3 0-1

[Event "Open"]
[Site "Louviers"]
[Date "2008.05.12"]
[Round "8"]
[White "Josse, Sebastien"]
[Black "Rodange, Barbara"]
[Result "1-0"]
[WhiteElo "1849"]
[BlackElo "1726"]
[PlyCount "75"]
[EventDate "2008.05.28"]
[SourceDate "2008.05.28"]

1. f4 Nc6 2. Nf3 Nf6 3. c4 d6 4. d4 Bf5 5. Nc3 Qd7 6. a3 e6 7. e3 Ne4 8. Nxe4
Bxe4 9. Bd3 Bxd3 10. Qxd3 Be7 11. Bd2 Bf6 12. O-O-O a5 13. g4 h6 14. h4 O-O-O
15. b4 axb4 16. axb4 d5 17. c5 Na7 18. Qa3 Kb8 19. Kc2 Nb5 20. Qa2 Qc6 21. g5
hxg5 22. fxg5 Be7 23. Ne5 Qe8 24. Ra1 c6 25. Qa8+ Kc7 26. Qa5+ Kb8 27. Qb6 Rc8
28. Ra2 Bd8 29. Rha1 Bxb6 30. cxb6 Nc7 31. Be1 Na6 32. Kb3 f6 33. Nd3 Rd8 34.
Bg3+ Kc8 35. Rxa6 bxa6 36. Nc5 e5 37. Rxa6 Kb8 38. Ra7 1-0

[Event "Open"]
[Site "Louviers"]
[Date "2008.05.12"]
[Round "8"]
[White "Criton, Roland"]
[Black "Boursier, Xavier"]
[Result "1/2-1/2"]
[WhiteElo "1954"]
[BlackElo "2029"]
[PlyCount "47"]
[EventDate "2008.05.28"]
[SourceDate "2008.05.28"]

1. d4 Nf6 2. Nf3 g6 3. c4 c5 4. d5 b5 5. cxb5 a6 6. bxa6 Bxa6 7. Nc3 d6 8. e4
Bxf1 9. Kxf1 Bg7 10. g3 O-O 11. Kg2 Nbd7 12. Re1 Ra6 13. Qe2 Qa8 14. Kg1 Nb6
15. a3 Nfd7 16. Nb5 Rc8 17. Bg5 Kf8 18. Rac1 h6 19. Be3 Ra4 20. Nc3 Ra5 21. Rc2
Qa6 22. Qxa6 Rxa6 23. Rec1 Rb8 24. Nd2 1/2-1/2

[Event "Open"]
[Site "Louviers"]
[Date "2008.05.12"]
[Round "8"]
[White "Guillaumat, Jean-Pierre"]
[Black "Le Bourhis, Dominique"]
[Result "1/2-1/2"]
[WhiteElo "1962"]
[BlackElo "2104"]
[PlyCount "107"]
[EventDate "2008.05.28"]
[SourceDate "2008.05.28"]

1. d4 d5 2. Nf3 Nf6 3. c4 dxc4 4. e3 c5 5. Bxc4 e6 6. O-O cxd4 7. Nxd4 a6 8. b3
Qa5 9. Bb2 Be7 10. Qd2 Qb6 11. Nc3 O-O 12. Qc2 Nc6 13. Nxc6 Qxc6 14. Rac1 b5
15. Be2 Bb7 16. Bf3 Qb6 17. Bxb7 Qxb7 18. Qe2 Rac8 19. Qf3 Qxf3 20. gxf3 Rfd8
21. Rfd1 Rxd1+ 22. Nxd1 Rxc1 23. Bxc1 Nd5 24. Bd2 Bf6 25. e4 Nb6 26. f4 Nd7 27.
Bb4 Bd4 28. Kf1 Nf6 29. f3 Nh5 30. Bd2 Kf8 31. Ke2 Bg1 32. a4 bxa4 33. bxa4
Bxh2 34. Kd3 Nxf4+ 35. Kc4 Ke7 36. Kb4 Nd3+ 37. Ka5 Bc7+ 38. Kxa6 Nc5+ 39. Kb5
Nb3 40. Bc3 Kd7 41. a5 Kc8 42. a6 Kb8 43. Bxg7 Nd2 44. Kc6 Bg3 45. Nc3 Ka7 46.
Bh6 Nxf3 47. Kb5 Nd4+ 48. Kc4 Bf2 49. Nb5+ Nxb5 50. Kxb5 f5 51. exf5 exf5 52.
Kc4 Kxa6 53. Kd5 Bg3 54. Ke6 1/2-1/2

[Event "Open"]
[Site "Louviers"]
[Date "2008.05.12"]
[Round "8"]
[White "Duverne, Jean-Marie"]
[Black "Lefebvre, Richard"]
[Result "1-0"]
[WhiteElo "2142"]
[BlackElo "1820"]
[PlyCount "67"]
[EventDate "2008.05.28"]
[SourceDate "2008.05.28"]

1. e4 c5 2. Nf3 d6 3. d4 cxd4 4. Qxd4 Nc6 5. Bb5 Bd7 6. Bxc6 Bxc6 7. Nc3 e6 8.
Bg5 Qc7 9. O-O-O f6 10. Bh4 O-O-O 11. Bg3 Kb8 12. Nd2 Nh6 13. Nc4 Nf7 14. f3
Ka8 15. a4 Be7 16. a5 Ne5 17. Bf2 b5 18. axb6 axb6 19. Nxb6+ Kb8 20. Rhe1 Nd7
21. Nbd5 Bxd5 22. exd5 e5 23. Qb4+ Qb7 24. Qa5 Rc8 25. Re4 Bd8 26. Qa3 Nc5 27.
Rb4 Bb6 28. Na4 Nxa4 29. Qxa4 Rc5 30. Bxc5 dxc5 31. Rb5 Rd8 32. c4 Qc7 33. Qa6
Rd7 34. Rxb6+ 1-0

[Event "Open"]
[Site "Louviers"]
[Date "2008.05.12"]
[Round "8"]
[White "Haudrechy, Daniel"]
[Black "Deheij, Gerrit"]
[Result "1-0"]
[WhiteElo "1820"]
[BlackElo "1480"]
[PlyCount "71"]
[EventDate "2008.05.28"]
[SourceDate "2008.05.28"]

1. d4 e5 2. dxe5 Nc6 3. Bf4 Nge7 4. Nf3 h6 5. e4 g5 6. Bg3 Bg7 7. c3 Ng6 8. Qd5
Qe7 9. Nbd2 Ncxe5 10. O-O-O d6 11. Nxe5 Nxe5 12. f4 c6 13. Qb3 gxf4 14. Bxf4
Be6 15. Qa3 b5 16. Nb3 Bxb3 17. axb3 Kd7 18. Qa6 Rhb8 19. Be2 Kc7 20. Rd2 Rd8
21. Rhd1 Bf8 22. Be3 Kb8 23. Kc2 Qb7 24. Qa3 Qc7 25. Bc5 h5 26. Bxd6 Bxd6 27.
Rxd6 Rxd6 28. Qxd6 Ng6 29. Qf6 Kb7 30. Bf3 Re8 31. Rd4 Re6 32. Qg7 Qf4 33. Rd7+
Kb6 34. Rxf7 Qxh2 35. Rb7+ Kc5 36. Qd4# 1-0

[Event "Open"]
[Site "Louviers"]
[Date "2008.05.12"]
[Round "8"]
[White "Vallobra, Pierre"]
[Black "Bacon, Nicolas"]
[Result "1-0"]
[WhiteElo "1906"]
[BlackElo "2246"]
[PlyCount "73"]
[EventDate "2008.05.28"]
[SourceDate "2008.05.28"]

1. d4 Nf6 2. c4 g6 3. Nc3 Bg7 4. e4 d6 5. Nf3 O-O 6. Be2 e5 7. d5 a5 8. Bg5 h6
9. Bh4 Na6 10. Nd2 Qe8 11. O-O Nh7 12. f3 f5 13. Rb1 g5 14. Bf2 f4 15. a3 h5
16. b4 Qg6 17. Qe1 g4 18. Kh1 Bh6 19. b5 Nb8 20. g3 Kh8 21. b6 c5 22. Nb5 Na6
23. Qd1 Bd7 24. Nc7 Nxc7 25. bxc7 fxg3 26. Bxg3 Bxd2 27. Qxd2 gxf3 28. Bxf3
Rxf3 29. Rxf3 Qxe4 30. Qd3 Bf5 31. Rxb7 Rc8 32. Rb8 Qxd3 33. Rxd3 Kg7 34. Rxc8
Bxc8 35. Rb3 Bg4 36. Rb8 Ng5 37. c8=Q 1-0

[Event "Open"]
[Site "Louviers"]
[Date "2008.05.12"]
[Round "8"]
[White "Rouas, Yannick"]
[Black "Goy, Wilfried"]
[Result "1/2-1/2"]
[WhiteElo "1930"]
[BlackElo "1906"]
[PlyCount "90"]
[EventDate "2008.05.28"]
[SourceDate "2008.05.28"]

1. d4 Nf6 2. Nf3 g6 3. c4 Bg7 4. Nc3 d6 5. e4 O-O 6. Be2 c6 7. O-O Na6 8. Ne1
c5 9. Be3 cxd4 10. Bxd4 Nc5 11. Bf3 Ncd7 12. Nd3 a6 13. Qa4 Ne8 14. Bxg7 Nxg7
15. Rfe1 Ne6 16. e5 Nd4 17. Qd1 Nxf3+ 18. Qxf3 Nb6 19. exd6 exd6 20. b3 Bf5 21.
Rad1 Qc7 22. Nf4 Rae8 23. Ncd5 Qd8 24. Nxb6 Qxb6 25. Nd5 Qd8 26. g4 Qg5 27.
Rxe8 Rxe8 28. Ne3 Be4 29. Qg3 Qe5 30. Rxd6 Qa1+ 31. Rd1 Qxa2 32. Nd5 Bxd5 33.
cxd5 Qc2 34. Qf3 f5 35. d6 Qe4 36. Qxe4 fxe4 37. d7 Rd8 38. Kg2 Kf7 39. Kg3 Ke7
40. Kf4 Rxd7 41. Rxd7+ Kxd7 42. h3 Ke6 43. Kxe4 h5 44. f4 b5 45. Kd4 h4 1/2-1/2

[Event "Open"]
[Site "Louviers"]
[Date "2008.05.12"]
[Round "8"]
[White "Leguillon, David"]
[Black "Javor, Besim"]
[Result "0-1"]
[WhiteElo "1770"]
[BlackElo "1957"]
[PlyCount "106"]
[EventDate "2008.05.28"]
[SourceDate "2008.05.28"]

1. d4 d5 2. Nf3 Nf6 3. Bf4 c6 4. c3 Qb6 5. Qc2 g6 6. Nbd2 Bf5 7. Qb3 Nbd7 8. h3
Bg7 9. e3 O-O 10. Rc1 Rfc8 11. Be2 Nf8 12. O-O Be6 13. Qa3 Qd8 14. Bd3 Nh5 15.
Bh2 f5 16. c4 Nf6 17. Ng5 Bd7 18. b4 e6 19. Ngf3 Ne4 20. Qb3 Kh8 21. Bxe4 dxe4
22. Ne5 Be8 23. a4 h6 24. Nb1 Kh7 25. Nc3 Nd7 26. f4 exf3 27. Nxf3 Nf6 28. Rcd1
Bf7 29. Ne5 Bg8 30. Kh1 Qe8 31. Qb1 Kh8 32. e4 Bh7 33. Qb3 g5 34. exf5 exf5 35.
Rde1 Qh5 36. d5 f4 37. d6 Rd8 38. c5 Rf8 39. Qc4 Rad8 40. b5 Nd7 41. Qe6 Nxe5
42. Rxe5 Rfe8 43. Rxg5 hxg5 44. Qc4 Bg8 45. Qb4 Kh7 46. bxc6 bxc6 47. Qb7 Qf7
48. Qb1+ Kh8 49. Qd3 Qc4 50. Qf3 Qxc3 51. Qxc6 Re1 52. d7 Rxf1+ 53. Bg1 Qc1 0-1

[Event "Open"]
[Site "Louviers"]
[Date "2008.05.12"]
[Round "8"]
[White "Vigneron, Frederic"]
[Black "Tridant, Thierry"]
[Result "1/2-1/2"]
[WhiteElo "1997"]
[BlackElo "2030"]
[PlyCount "45"]
[EventDate "2008.05.28"]
[SourceDate "2008.05.28"]

1. d4 d5 2. c4 e6 3. Nc3 Nf6 4. Bg5 Be7 5. Nf3 h6 6. Bh4 Nbd7 7. e3 O-O 8. Rc1
c6 9. Bd3 Re8 10. O-O Nf8 11. Qc2 N6d7 12. Bg3 Nf6 13. Rfd1 Qa5 14. Ne5 N6d7
15. f4 f5 16. cxd5 cxd5 17. Nf3 a6 18. Qf2 Qd8 19. Rc2 Ng6 20. Rdc1 Nf6 21. Qe1
Bd7 22. Bh4 Ne4 23. Bxe7 1/2-1/2

[Event "Open"]
[Site "Louviers"]
[Date "2008.05.12"]
[Round "8"]
[White "Dubost, Florian"]
[Black "Didierjean, Tristan"]
[Result "0-1"]
[WhiteElo "1199"]
[BlackElo "1832"]
[PlyCount "76"]
[EventDate "2008.05.28"]
[SourceDate "2008.05.28"]

1. e4 c5 2. Nf3 Nc6 3. d4 cxd4 4. Nxd4 d6 5. Bc4 g6 6. Be3 Bg7 7. O-O Nf6 8.
Nc3 O-O 9. Qd2 Ng4 10. Nxc6 bxc6 11. Bf4 Ne5 12. Bb3 a5 13. a4 Ba6 14. Rfd1 Qc8
15. Bh6 Qg4 16. Kh1 Nc4 17. Bxc4 Bxh6 18. Qxh6 Bxc4 19. h3 Qc8 20. b3 Ba6 21.
Rd2 f5 22. f4 Qc7 23. g3 e6 24. Rad1 d5 25. e5 Qb6 26. Ne2 Qe3 27. c4 Rab8 28.
Nc1 c5 29. cxd5 Bb7 30. Qg5 Bxd5+ 31. Kh2 Bf3 32. h4 Bxd1 33. Rxd1 Qf2+ 34. Kh3
Rb7 35. h5 Qf3 36. hxg6 Qxd1 37. gxh7+ Kxh7 38. Qh5+ Qxh5+ 0-1

[Event "Open"]
[Site "Louviers"]
[Date "2008.05.12"]
[Round "8"]
[White "Roussette, Stephane"]
[Black "Bonte, Gerard"]
[Result "1-0"]
[WhiteElo "1870"]
[BlackElo "1640"]
[PlyCount "101"]
[EventDate "2008.05.28"]
[SourceDate "2008.05.28"]

1. e4 c5 2. Nc3 d6 3. Bc4 Nc6 4. f4 e6 5. Nf3 Nf6 6. O-O a6 7. a4 Be7 8. d3 O-O
9. Qe1 Qc7 10. e5 Nd7 11. exd6 Bxd6 12. Qh4 Nf6 13. Be3 Nb4 14. Bb3 b6 15. Ng5
Nbd5 16. Nxd5 exd5 17. Bxd5 Bb7 18. Bxb7 Qxb7 19. Rae1 Rae8 20. f5 Be7 21. Qg3
Qc6 22. b3 Bd6 23. Qf3 Qc7 24. g3 Be5 25. Ne4 Nxe4 26. dxe4 Bd4 27. Qg4 Bxe3+
28. Rxe3 Qe5 29. Qf4 f6 30. Qxe5 Rxe5 31. Kf2 Rd8 32. Rfe1 Kf7 33. Kf3 h6 34.
Rd3 Ke7 35. Red1 Rxd3+ 36. Rxd3 c4 37. Rc3 cxb3 38. cxb3 Rc5 39. Rxc5 bxc5 40.
Ke3 Kd6 41. Kd3 Kc7 42. Kc4 Kc6 43. g4 Kd6 44. h4 Kc6 45. b4 cxb4 46. Kxb4 Kb6
47. e5 fxe5 48. g5 e4 49. f6 e3 50. Kc3 hxg5 51. fxg7 1-0

[Event "Open"]
[Site "Louviers"]
[Date "2008.05.12"]
[Round "8"]
[White "Saint-Gilles, Damien"]
[Black "Mouhamad, Joachin"]
[Result "0-1"]
[WhiteElo "1620"]
[BlackElo "1899"]
[PlyCount "66"]
[EventDate "2008.05.28"]
[SourceDate "2008.05.28"]

1. e4 c5 2. Nf3 Nc6 3. c3 Nf6 4. e5 Nd5 5. d4 cxd4 6. cxd4 e6 7. Bd2 d6 8. Bb5
Bd7 9. Bxc6 Bxc6 10. O-O dxe5 11. dxe5 Qb6 12. b3 Bc5 13. a3 a5 14. Nc3 Nxc3
15. Bxc3 Rd8 16. Qc2 Bxf3 17. gxf3 O-O 18. Kg2 Rc8 19. Rfc1 Be7 20. Qb2 Bg5 21.
Rd1 Qc7 22. Rd3 Bf4 23. Rad1 Qe7 24. Rd7 Qg5+ 25. Kf1 b6 26. a4 Rfd8 27. Qa3
Rxd7 28. Rxd7 Rxc3 29. Qd6 h5 30. Qb8+ Kh7 31. Qb7 Rc1+ 32. Ke2 Qxe5+ 33. Kd3
Rc3# 0-1

[Event "Open"]
[Site "Louviers"]
[Date "2008.05.12"]
[Round "8"]
[White "Ernouf, Anthony"]
[Black "Roussel, Julien"]
[Result "1-0"]
[WhiteElo "1903"]
[BlackElo "1599"]
[PlyCount "53"]
[EventDate "2008.05.28"]
[SourceDate "2008.05.29"]

1. d4 d5 2. e3 Nf6 3. Bd3 e6 4. f4 c5 5. c3 Nc6 6. Nf3 Bd6 7. O-O O-O 8. Ne5
Qc7 9. Nd2 b6 10. Rf3 a5 11. Rh3 g6 12. Qe1 Ba6 13. Qh4 Bxd3 14. Nxd3 Be7 15.
Qh6 Rfe8 16. Nf3 Bf8 17. Qh4 Qd8 18. g4 h5 19. gxh5 Nxh5 20. Qg4 Ng7 21. Bd2
cxd4 22. exd4 Qf6 23. Nde5 Ne7 24. Ng5 Nh5 25. Ngxf7 Bg7 26. Ng5 Nf5 27. Nxg6
1-0

[Event "Open"]
[Site "Louviers"]
[Date "2008.05.12"]
[Round "8"]
[White "Blaise, Geoffrey"]
[Black "Ferrant, Christophe"]
[Result "0-1"]
[WhiteElo "1730"]
[BlackElo "2151"]
[PlyCount "44"]
[EventDate "2008.05.28"]
[SourceDate "2008.05.29"]

1. e4 c5 2. Nf3 d6 3. Nc3 g6 4. d4 cxd4 5. Nxd4 Nf6 6. Bc4 Bg7 7. f3 O-O 8. Be3
Nc6 9. Qd2 Bd7 10. Nxc6 bxc6 11. O-O-O Rb8 12. g4 Bxg4 13. fxg4 Nxe4 14. Qd3
Nxc3 15. bxc3 Qa5 16. Kd2 d5 17. Bb3 e5 18. Bg5 e4 19. Qh3 e3+ 20. Qxe3 Rbe8
21. Qf3 d4 22. Ba4 Qxg5+ 0-1

[Event "Open"]
[Site "Louviers"]
[Date "2008.05.12"]
[Round "8"]
[White "Mezier, Pascal"]
[Black "Rousselin, Marc"]
[Result "0-1"]
[WhiteElo "1220"]
[BlackElo "1480"]
[PlyCount "50"]
[EventDate "2008.05.28"]
[SourceDate "2008.05.29"]

1. e4 c5 2. d4 cxd4 3. Qxd4 Nc6 4. Qd1 Nf6 5. Nc3 e6 6. Nf3 Be7 7. Bd3 d6 8.
O-O O-O 9. Re1 Qc7 10. b3 a6 11. Bb2 b5 12. a3 Bb7 13. Nd2 Rac8 14. Ne2 d5 15.
h3 Rfd8 16. Ng3 Ne5 17. Rc1 Bd6 18. Kh2 Qb8 19. Nh5 Nxd3+ 20. g3 Nxh5 21. Qxh5
Nxb2 22. Nf3 h6 23. e5 Be7 24. h4 d4 25. Qg4 Bxf3 0-1

[Event "Open"]
[Site "Louviers"]
[Date "2008.05.12"]
[Round "8"]
[White "Varigault, Nicole"]
[Black "Voegele, Francois-Marie"]
[Result "1-0"]
[WhiteElo "1200"]
[BlackElo "1070"]
[PlyCount "49"]
[EventDate "2008.05.28"]
[SourceDate "2008.05.29"]

1. e4 e5 2. d3 Nc6 3. Nf3 d6 4. Nc3 Be6 5. Be2 Nf6 6. Ng5 Be7 7. Nxe6 fxe6 8.
Bh5+ g6 9. Bg4 Qd7 10. O-O O-O 11. Bh6 Rfb8 12. Qf3 Nxg4 13. Qxg4 Bf8 14. Bxf8
Rxf8 15. Nd5 Rac8 16. f4 Nd4 17. fxe5 dxe5 18. Nf6+ Rxf6 19. Rxf6 Kg7 20. Raf1
Qc6 21. Rf7+ Kg8 22. c3 Nc2 23. Qg5 Qd6 24. Qh6 c5 25. Qg7# 1-0

[Event "Open"]
[Site "Louviers"]
[Date "2008.05.12"]
[Round "8"]
[White "Bordelet, Louis"]
[Black "Lierville, Patrick"]
[Result "1-0"]
[WhiteElo "1840"]
[BlackElo "1660"]
[PlyCount "45"]
[EventDate "2008.05.28"]
[SourceDate "2008.05.29"]

1. e4 e6 2. d4 d5 3. e5 c5 4. Qg4 cxd4 5. Nf3 Nc6 6. Bd3 Qa5+ 7. Nbd2 Qc7 8.
Qg3 Nge7 9. O-O Nb4 10. Nxd4 a6 11. N2f3 Nxd3 12. cxd3 Ng6 13. h4 h5 14. Be3
Be7 15. Rac1 Qd8 16. Ng5 Bxg5 17. Bxg5 Qd7 18. f4 O-O 19. f5 exf5 20. Nxf5 Qe6
21. d4 Bd7 22. Rc7 Rab8 23. Qf3 1-0

[Event "Open"]
[Site "Louviers"]
[Date "2008.05.12"]
[Round "9"]
[White "Javor, Besim"]
[Black "Criton, Roland"]
[Result "1/2-1/2"]
[WhiteElo "1957"]
[BlackElo "1954"]
[PlyCount "53"]
[EventDate "2008.05.29"]
[SourceDate "2008.05.29"]

1. d4 d5 2. Bf4 Nf6 3. e3 Bf5 4. c3 c6 5. Nf3 e6 6. Nbd2 Nbd7 7. Nh4 Bg4 8.
Nhf3 Bf5 9. Be2 h6 10. Ne5 Nxe5 11. Bxe5 Bd6 12. Nf3 Bxe5 13. Nxe5 Nd7 14. Nf3
Qb6 15. Qb3 Qxb3 16. axb3 O-O 17. O-O a6 18. Nd2 Rfe8 19. f4 Nf6 20. Bf3 Rac8
21. b4 Bd3 22. Rfe1 Nd7 23. Kf2 f6 24. Bg4 Nb6 25. b3 Rc7 26. Be2 Bxe2 27. Rxe2
1/2-1/2

[Event "Open"]
[Site "Louviers"]
[Date "2008.05.12"]
[Round "9"]
[White "Didierjean, Tristan"]
[Black "Vigneron, Frederic"]
[Result "1-0"]
[WhiteElo "1832"]
[BlackElo "1997"]
[PlyCount "167"]
[EventDate "2008.05.29"]
[SourceDate "2008.05.30"]

1. d4 Nf6 2. c4 c5 3. d5 b5 4. b3 g6 5. Bb2 Bg7 6. Nd2 d6 7. e4 Nbd7 8. Bd3 O-O
9. Ne2 Nb6 10. cxb5 a6 11. O-O axb5 12. Bxb5 Ba6 13. Bxa6 Rxa6 14. Ng3 Qa8 15.
a4 Rb8 16. Qc2 Rb7 17. Rab1 Ng4 18. Bxg7 Kxg7 19. Qc3+ f6 20. h3 Ne5 21. f4 Nf7
22. Rf3 c4 23. Nxc4 Nxa4 24. Qd4 Nc5 25. e5 Qb8 26. exf6+ exf6 27. Qe3 Nd7 28.
h4 Nb6 29. Nxb6 Raxb6 30. h5 Qd8 31. f5 Re7 32. Qd4 g5 33. Ne4 Ne5 34. Rc3 Reb7
35. Rbc1 Rxb3 36. Rxb3 Rxb3 37. Qa7+ Kh6 38. Rc7 Kxh5 39. Rxh7+ Kg4 40. Kh2 Qb6
41. Nxf6+ Kxf5 42. Qxb6 Rxb6 43. Rh6 Ra6 44. Kg1 Ra1+ 45. Kf2 Ra5 46. Ke2 Ra2+
47. Kf1 Nf7 48. Ne8 Ke5 49. Rf6 Nd8 50. Rxd6 Nb7 51. Rb6 Nc5 52. d6 Kf4 53. Nf6
Ke3 54. Kg1 Kf4 55. Kh2 g4 56. Rb4+ Kg5 57. Nxg4 Rd2 58. Ne5 Kf5 59. Nc4 Rd4
60. Ne3+ Ke5 61. Rxd4 Kxd4 62. Nf5+ Ke5 63. g4 Nd7 64. Kg3 Kf6 65. Kh4 Ne5 66.
Kh5 Ke6 67. Kg5 Kf7 68. Kf4 Ke6 69. g5 Ng6+ 70. Ke4 Kd7 71. Kd5 Nf4+ 72. Ke5
Ng6+ 73. Kf6 Nf8 74. g6 Ne6 75. g7 Nxg7 76. Kxg7 Ke6 77. Kf8 Kd7 78. Kf7 Kd8
79. Ke6 Ke8 80. Nh6 Kd8 81. Nf7+ Ke8 82. d7+ Kf8 83. d8=Q+ Kg7 84. Qh8+ 1-0

[Event "Open"]
[Site "Louviers"]
[Date "2008.05.12"]
[Round "9"]
[White "Rousselin, Marc"]
[Black "Levesque, Thomas"]
[Result "0-1"]
[WhiteElo "1480"]
[BlackElo "2042"]
[PlyCount "104"]
[EventDate "2008.05.29"]
[SourceDate "2008.05.30"]

1. e4 e6 2. d4 d5 3. Nc3 Nf6 4. e5 Nfd7 5. f4 c5 6. Nf3 Nc6 7. Be3 a6 8. a3 Be7
9. Bd3 g6 10. Qd2 b5 11. Na2 c4 12. Be2 Nb6 13. c3 Na5 14. Bd1 Nb3 15. Bxb3
cxb3 16. Nc1 Nc4 17. Qe2 a5 18. Nxb3 Ba6 19. Nc5 Bxc5 20. dxc5 b4 21. Qf2 bxa3
22. bxa3 Rb8 23. Bc1 Rb3 24. Qc2 Rb5 25. c6 O-O 26. Nd4 Rb6 27. Rb1 Qe7 28.
Rxb6 Nxb6 29. a4 Qc5 30. Qb3 Nc4 31. O-O Qa7 32. Rd1 Rb8 33. Qa2 Qc5 34. Kh1
Nb6 35. Ba3 Qxc3 36. Bd6 Rc8 37. Qb1 Nxa4 38. c7 Nb2 39. Nc6 Qxc6 40. Qxb2 Qc4
41. Rb1 d4 42. Qc1 Qe2 43. Qd1 Qe4 44. Rb6 Bb7 45. Rb2 h5 46. Qb1 d3 47. h3 d2
48. Rxb7 Qe1+ 49. Qxe1 dxe1=Q+ 50. Kh2 Qf1 51. Ra7 h4 52. Be7 Qxf4+ 0-1

[Event "Open"]
[Site "Louviers"]
[Date "2008.05.12"]
[Round "9"]
[White "Arinal, Serge"]
[Black "Rouas, Yannick"]
[Result "0-1"]
[WhiteElo "1680"]
[BlackElo "1930"]
[PlyCount "88"]
[EventDate "2008.05.29"]
[SourceDate "2008.05.30"]

1. Nf3 Nf6 2. c4 g6 3. Nc3 Bg7 4. d4 O-O 5. g3 d5 6. cxd5 Nxd5 7. e3 c5 8. Bg2
Nc6 9. Nxd5 Qxd5 10. O-O Qd6 11. d5 Ne5 12. e4 Nxf3+ 13. Bxf3 Qb6 14. Rb1 f5
15. Bf4 e5 16. dxe6 Bxe6 17. b3 Bd4 18. Qd2 fxe4 19. Bxe4 Bh3 20. Bg2 Bxg2 21.
Kxg2 Qc6+ 22. Kg1 Qf3 23. b4 Bc3 24. Qd6 cxb4 25. Qe6+ Kg7 26. Be5+ Bxe5 27.
Qxe5+ Qf6 28. Qxf6+ Rxf6 29. Rxb4 b6 30. Rd4 Re8 31. Rd7+ Rf7 32. Rfd1 Ree7 33.
Rxe7 Rxe7 34. Rd3 Kf6 35. Kg2 Ke6 36. Kf3 Rd7 37. Ke4 Rxd3 38. Kxd3 Kd5 39. f4
b5 40. a3 a5 41. h4 h5 42. g4 hxg4 43. f5 gxf5 44. h5 Ke5 0-1